000 01012nam a2200205Ia 4500
001 10641
003 GE_BSU
008 181216s||||||||xx |||||||||||||| ||und||
040 _cGE_BSU
100 _aგობეჯიშვილი,რამინ. ტიელიძე,ლევან.ჯავახიშვილი,ალექსანდრე;
245 _aსაქართველოს ფიზიკური რუკა.
245 _b1:600 000
245 _cფოტ.ავტ.რამინ გობეჯიშვილი,ლევან ტიელიძე.რედ:ვლადიმერ ბუაჩიძე;
260 _aთბილისი
260 _c2012.
520 _aრუკა შედგენილია თსუ–ის ვახუშტი ბაგრატიონის გეოგრაფიის ინ–ტში.
541 _h8ლ.
653 _aსაქართველოს ფიზიკური რუკა.
942 _cMP
999 _c43892
_d43892